000 01867nam a2200313 i 4500
001 768714001
003 CO-MdFUSB
005 20210209161248.0
007 ta
008 200601t2008 ck |||| |||| 00| 0 spa d
020 _a9789584514929
040 _aCO-MdFUSB
_bspa
_cCO-MdFUSB
_dCO-MdFUSBC
_erda
041 _aspa
082 _223
_a361.7
_bM386
100 _aMartín Cavanna, Javier,
_eautor
245 _aViaje a la otra orilla :
_bhistorias de los que trabajan por una América Latina mejor
_c/ Javier Martín Cavanna
264 1 _aBogotá :
_bNorma,
_c[2008]
264 4 _c© 2008
300 _a321 páginas
_c; 21 cm
336 _2rdacontent
_atexto
_btxt
337 _2rdamedia
_asin mediación
_bn
338 _2rdacarrier
_avolumen
_bnc
520 _aViaje a la otra orilla es el relato de historias de personas y organizaciones que están haciendo las cosas bien y trabajando en América Latina por un continente mejor. Son los detalles de cómo, en muchos rincones de la región, hay proyectos en desarrollo para erradicar la pobreza, recortar distancias, mejorar la educación y salvar vidas, desde Guatemala hasta Argentina, pasando por Cuba y República Dominicana. Es la historia de cómo los pandilleros de la temible Mara Salvatrucha, en El Salvador, están dejando de lado la violencia; de cómo los indígenas en Bolivia luchan por un país más equilibrado; de cómo en Cuba se hace lo posible por sobrevivir a la isla; de cómo en República Dominicana los nuevos pequeños empresarios están disminuyendo los niveles de pobreza; y de cómo muchas personas, apoyadas en la cooperación internacional y local, están haciendo de América Latina una región más equitativa y competitiva.
563 _aRústico
650 0 _9691
_aAcción social
_zAmérica Latina
653 _aOrganizaciones privadas.
942 _cBK
945 _aJTF-925
999 _c65941
_d65941